000
00317pab a2200145 454500
008
180718b1987 xxu||||| |||| 00| 0 eng d
100
_a
Rane, M.A.
245
_a
A fundamental human right
260
_c
1987
300
_a
13-15
362
_a
29 Mar.
650
_a
Civil Liberties
773
_a
Janata
909
_a
5639
999
_c
5639
_d
5639